Technology and international affairs

Gespeichert in:
Bibliographische Detailangaben
1. Verfasser: Szyliowicz, Joseph S.
Format: Buch
Sprache:Undetermined
Veröffentlicht: London Praeger 1981
Schlagworte:
Tags: Tag hinzufügen
Keine Tags, Fügen Sie den ersten Tag hinzu!
Thư viện lưu trữ: Trung tâm Học liệu Trường Đại học Cần Thơ
LEADER 00500nam a2200181Ia 4500
001 CTU_106899
008 210402s9999 xx 000 0 und d
082 |a 303.483 
082 |b S999 
100 |a Szyliowicz, Joseph S. 
245 0 |a Technology and international affairs 
245 0 |c Joseph S. Szyliowicz 
260 |a London 
260 |b Praeger 
260 |c 1981 
650 |a Technology and international affairs 
904 |i Truc 
980 |a Trung tâm Học liệu Trường Đại học Cần Thơ